00626 2200217 4500001002100000005001500021035002000036245010500056100002500161250000600186300003500192260004300227082001000270084001600280020002200296650002200318990001700340990001700357990001700374990001700391INLIS00000000000024820180921113113 a0010-09180001021 aSultan Mahmud Badaruddin II :bRiwayat Hidup dan Perjuangannya ( 1767-1852 ) /cDrs. Mardanas Safwan0 aDrs. Mardanas Safwan a- aiv, 76 hlm. :bilus. ;c21 cm. aJakarta :bMutiara Sumber Widya,c2010 a923.5 a923.5 MAR s a978-979-9331-57-9 aBiografi Pahlawan a01026/P/2018 a01027/P/2018 a01028/P/2018 a01029/P/2018